Fullmetal Alchemist - Les Homonculus - Statistiques

Statistiques générales
  • Ce quiz a été pris 102 fois
  • Le résultat moyen est 7 sur 10
Statistiques - réponses
Par images Hint Réponse % Correct
FMA 2003 et FMAB Envy
97%
FMA 2003 et FMAB Gluttony
97%
FMA 2003 et FMAB Lust
90%
FMA 2003 et FMAB Greed
85%
FMAB Pride
80%
FMAB Wrath
77%
FMAB Sloth
70%
FMA 2003 Pride
21%
FMA 2003 Sloth
21%
FMA 2003 Wrath
21%
Aucun quiz correspondant
Distribution des résultats
% des personnes avec chaque résultat
Percentile par nombre de réponses
Votre historique - résultats
Vous n’avez pas pris ce quiz